Paesi che finiscono in E - Statistics

Statistiche generali
  • Questo quiz è stato fatto 503 volte
  • Il punteggio medio è 5 su 16
Statistiche sulle risposte
Paese che finisce in E % Corretto
Brasile
62%
Cile
59%
Belize
53%
Giappone
48%
Maldive
34%
Filippine
32%
Comore
26%
Zimbabwe
26%
Israele
24%
Capo Verde
23%
Isole Salomone
22%
São Tomé e Principe
21%
Singapore
16%
Sierra Leone
15%
Guinea Equatoriale
12%
Saint Vincent e Grenadine
11%
Nessun quiz corrispondente trovato
Distribuzione punteggi
Percentuale di utenti per punteggio
Percentile per numero di risposta
I tuoi punteggi nel tempo
Non hai fatto questo quiz